000 00289nam a22001337a 4500
008 170131b xxu||||| |||| 00| 0 eng d
020 _a0910701210
041 _aeng
080 _a61
100 _a3
101 _aSHMI
245 _aDETERMINANTS OF HMO SUCCESS
_cFOX, P.D
942 _2udc
_cBK
999 _c4066
_d4066